00920cam a2200277 i 4500008004100000020002900041040001500070100002400085245010000109250002200209260005100231300005900282336002600341337002800367338002700395500002000422505002900442650002300471650002100494650004000515650002800555650002600583650001500609003000100624005001700625  a9780323353779 (hardback) aNUSTcNUST1 aBushong, Stewart C.10aRadiologic science for technologists :bphysics, biology, and protection /cStewart C. Bushong. aEleventh Edition. aSt. Louis, Missouri :bElsevier Mosby,cc2017. axv, 665 pages :billustrations (some colour) ;c29 cm. atextbtxt2rdacontent aunmediatedbn2rdamedia avolumebnc2rdacarrier aIncludes index. aAccompanied by workbook. 0aMedical radiology. 0aMedical physics. 0aMedical radiologyxSafety measures.12aTechnology, Radiologic.22aRadiation Protection.22aRadiation.20230120204343.0